Into it by Chase Atlantic (lyrics) - Statistics

General Stats
  • This quiz has been taken 88 times
    83 since last reset
  • The average score is 244 of 311
Answer Stats
Hint Answer % Correct
i
100%
it
100%
a
91%
Im
91%
im
91%
into
91%
the
91%
Verse 1 yeah
91%
been
87%
ive
87%
and
85%
fuck
85%
me
85%
she
85%
Chorus but
83%
for
83%
go
83%
got
83%
of
83%
on
83%
when
83%
girl
80%
Outro Girl
80%
later
80%
to
80%
wanna
80%
said
78%
pills
76%
fuckin
74%
fun
74%
poppin
74%
shit
74%
like
72%
planes
72%
really
72%
too
72%
was
72%
catchin
70%
deep
70%
dont
70%
mental
67%
pressure
67%
this
67%
way
67%
just
65%
only
65%
punishment
65%
getting
63%
cause
61%
change
61%
since
61%
sixteen
61%
things
61%
under
61%
watchin
61%
fame
59%
havent
59%
my
59%
people
59%
sunny
59%
up
59%
with
59%
confident
57%
now
57%
road
57%
they
57%
turn
57%
bed
54%
big
54%
changed
54%
lucky
54%
miss
54%
needs
54%
sheets
54%
born
52%
come
52%
deal
52%
hundred
52%
million
52%
pull
52%
see
52%
than
52%
world
52%
wouldnt
52%
between
50%
notice
50%
couldnt
48%
kill
48%
these
48%
girls
46%
how
46%
shes
46%
scenes
41%
trees
41%
saying
33%
tryna
33%
wrong
30%
off
28%
causing
26%
doin
26%
grow
26%
faded
24%
man
22%
blow
7%
higer
7%
wheaters
4%
No matching quizzes found
Score Distribution
Percent of People with Each Score
Percentile by Number Answered
Your Score History
You have not taken this quiz since the last reset